Fanual Diverity of 75 Ramsar Wetland of India/ (Record no. 208961)
[ view plain ]
| 000 -LEADER | |
|---|---|
| fixed length control field | 00748nam a22002417a 4500 |
| 005 - DATE AND TIME OF LATEST TRANSACTION | |
| control field | 20250210121959.0 |
| 010 ## - LCCN (DPL NO) | |
| LC control number | ENG-143745 |
| 020 ## - INTERNATIONAL STANDARD BOOK NUMBER | |
| International Standard Book Number | 9788181716231 |
| Terms of availability | 6530.00 |
| 035 ## - SYSTEM CONTROL NUMBER | |
| System control number | EN-127277 |
| 037 ## - SOURCE OF ACQUISITION | |
| Source of stock number/acquisition | DBAD |
| 082 ## - DEWEY DECIMAL CLASSIFICATION NUMBER | |
| Classification number | 577.680954 |
| 100 ## - MAIN ENTRY--PERSONAL NAME | |
| Personal name | Banerjee, Dhriti |
| 245 ## - TITLE STATEMENT | |
| Title | Fanual Diverity of 75 Ramsar Wetland of India/ |
| Statement of responsibility, etc | by Dhriti Banerjee...[et.al] |
| 250 ## - EDITION STATEMENT | |
| Edition statement | 2 |
| 260 ## - PUBLICATION, DISTRIBUTION, ETC. (IMPRINT) | |
| Place of publication, distribution, etc | Kolkata |
| Name of publisher, distributor, etc | Zoological Survey of India |
| Date of publication, distribution, etc | 2023 |
| 270 ## - ADDRESS | |
| Address | M- Block, New Alipore, |
| City | Kolkata |
| Postal code | 700053 |
| 300 ## - PHYSICAL DESCRIPTION | |
| Extent | xii,581p. |
| Dimensions | 30cm(hb) |
| Other physical details | ill. |
| 700 ## - ADDED ENTRY--PERSONAL NAME | |
| Personal name | Bharti, Daizy |
| 9 (RLIN) | 77453 |
| 700 ## - ADDED ENTRY--PERSONAL NAME | |
| Personal name | Santosh Kumar |
| 9 (RLIN) | 77454 |
| 700 ## - ADDED ENTRY--PERSONAL NAME | |
| Personal name | Amitava Majumder |
| 9 (RLIN) | 77455 |
| 700 ## - ADDED ENTRY--PERSONAL NAME | |
| Personal name | C. Raghunathan |
| 9 (RLIN) | 77456 |
| 942 ## - ADDED ENTRY ELEMENTS (KOHA) | |
| Source of classification or shelving scheme | Dewey Decimal Classification |
| Item type | English Books |
| Classification part | 577.680954 |
| Call number suffix | BAN |
| Withdrawn status | Lost status | Not for loan | Collection code | Home library | Current library | Date acquired | Source of acquisition | Cost, normal purchase price | Full call number | Barcode | Copy number | Cost, replacement price | Koha item type |
|---|---|---|---|---|---|---|---|---|---|---|---|---|---|
| Not For Loan | Reference | Central Library | Central Library | 10/02/2025 | Delivery of Books Act Division | 6530.00 | 577.680954 BAN | EN-127277 | 1 | 6530.00 | English Books |
